[Event "Oravska Priehrada op"]
[Site "Namestovo"]
[Date "2017.08.27"]
[Round "6"]
[White "Salva, Vladimir"]
[Black "Babjarcik, Tobias"]
[Result "1-0"]
[WhiteElo "1642"]
[BlackElo "1093"]
[PlyCount "81"]
[EventDate "2017.08.25"]
[EventType "swiss"]
[EventRounds "7"]
[EventCountry "SVK"]
[SourceTitle "CBM 180 Extra"]
[Source "ChessBase"]
[SourceDate "2017.10.06"]
[SourceVersion "1"]
[SourceVersionDate "2017.10.06"]
[SourceQuality "1"]

1. d4 Nf6 2. c4 g6 3. Nc3 Bg7 4. Nf3 b6 5. e4 d6 6. Bd3 Bb7 7. 0-0 0-0 8. h3 Re8 9. Be3 e5 10. d5 c5 11. a3 a5 12. Nb5 Ba6 13. Nd2 Bxb5 14. cxb5 Kh8 15. Nc4 Ng8 16. f4 Bh6 17. Qg4 exf4 18. Bxf4 Bxf4 19. Qxf4 f5 20. exf5 gxf5 21. Qxf5 Re7 22. Rae1 Raa7 23. Rxe7 Rxe7 24. Qf4 Rd7 25. Bf5 Rf7 26. Qxd6 Qxd6 27. Nxd6 Rf6 28. Be6 Rxf1+ 29. Kxf1 Nf6 30. g4 h6 31. h4 Nfd7 32. Nc4 Kg7 33. Kf2 Kg6 34. Kf3 h5 35. g5 Kg7 36. Kf4 Kh8 37. Kf5 Kg7 38. Ne5 Nxe5 39. Kxe5 c4 40. d6 c3 41. bxc3 1-0

[Event "Oravska Priehrada op"]
[Site "Namestovo"]
[Date "2017.08.26"]
[Round "4"]
[White "Dubnicka, Ferdinand"]
[Black "Babjarcik, Tobias"]
[Result "1-0"]
[WhiteElo "1464"]
[BlackElo "1093"]
[PlyCount "77"]
[EventDate "2017.08.25"]
[EventType "swiss"]
[EventRounds "7"]
[EventCountry "SVK"]
[SourceTitle "CBM 180 Extra"]
[Source "ChessBase"]
[SourceDate "2017.10.06"]
[SourceVersion "1"]
[SourceVersionDate "2017.10.06"]
[SourceQuality "1"]

1. c4 c5 2. e4 e5 3. Nc3 Nc6 4. d3 d6 5. h3 h6 6. Nd5 Nd4 7. Nf3 Nf6 8. Be2 Be7 9. 0-0 0-0 10. Nxd4 Nxd5 11. Nf3 Nf6 12. Nh2 Nh7 13. Be3 Be6 14. Nf3 Ng5 15. Qd2 a5 16. Kh2 Kh7 17. Ng1 f5 18. f4 exf4 19. Rxf4 Qc7 20. Kh1 fxe4 21. Raf1 exd3 22. Bxd3+ g6 23. h4 Rxf4 24. Bxf4 Nf7 25. h5 Bf5 26. hxg6+ Bxg6 27. Bxg6+ Kxg6 28. Qd3+ Kg7 29. Qg3+ Bg5 30. Nh3 Kg6 31. Qd3+ Kh5 32. Qd5 Kg6 33. Qe6+ Kg7 34. Bxg5 hxg5 35. Qf6+ Kg8 36. Qg6+ Kf8 37. Nxg5 Ra7 38. Rxf7+ Qxf7 39. Qxf7# 1-0